Summary of Notices to Mariners 1 to 19, inclusive, referring to "Light list Atlantic and Gulf coasts of U.S.".

Bibliographic Details
Corporate Author: United States. Hydrographic Office
Format: Government Document eBook
Language:English
Published: [Place of publication not identified] : [publisher not identified], [1917]
Subjects:
Online Access:Connect to the full text of this electronic document

MARC

Tag First Indicator Second Indicator Subfields
LEADER 00000cam a22000001a 4500
001 in00003756521
005 20190408185937.0
006 m o d f
007 cr bn mmmapmmp
008 040322s1917 xx o f000 0 eng d
035 |a ebd1910606193 
040 |a UMI  |c UMI  |d UtOrBLW 
086 0 |a N 6.2:N 84 
099 |a N6.2-8 
245 0 0 |a Summary of Notices to Mariners 1 to 19, inclusive, referring to "Light list Atlantic and Gulf coasts of U.S.". 
264 1 |a [Place of publication not identified] :  |b [publisher not identified],  |c [1917] 
300 |a 1 online resource (14 pages) 
336 |a text  |b txt  |2 rdacontent 
337 |a computer  |b c  |2 rdamedia 
338 |a online resource  |b cr  |2 rdacarrier 
500 |a [on establishment and change of selected buoys, lights, and light vessels]. 
500 |a Record is based on bibliographic data in ProQuest U.S. Executive Branch Documents, 1910-1932. Reuse except for individual research requires license from ProQuest, LLC. 
533 |a Electronic reproduction.  |b [Bethesda, Md.] :  |c ProQuest,  |d 2012.  |e digital, PDF file.  |n ProQuest U.S. Executive Branch Documents, 1910-1932.  |n Mode of access: World Wide Web via ProQuest website. 
538 |a System requirements: PDF reader software. 
500 |a Electronic resource. 
610 1 0 |a United States.  |b Hydrographic Office.  |0 http://id.loc.gov/authorities/names/n79140986 
650 0 |a Buoys.  |0 http://id.loc.gov/authorities/subjects/sh85018025 
650 0 |a Lighthouses.  |0 http://id.loc.gov/authorities/subjects/sh85076918 
650 0 |a Navigation  |x Safety measures.  |0 http://id.loc.gov/authorities/subjects/sh85090429 
651 0 |a Atlantic Ocean.  |0 http://id.loc.gov/authorities/subjects/sh85009201 
651 0 |a Mexico, Gulf of.  |0 http://id.loc.gov/authorities/subjects/sh85084621 
655 7 |a Electronic books.  |2 local 
710 1 |a United States.  |b Hydrographic Office.  |0 http://id.loc.gov/authorities/names/n79140986 
776 1 8 |i Microfiche version:  |t Summary of Notices to Mariners 1 to 19, inclusive, referring to "Light list Atlantic and Gulf coasts of U.S."  |o CIS US Exec MF N6.2-8  |w (ProQuest)cis19161352 
856 4 0 |u http://proxy.library.tamu.edu/login?url=http://congressional.proquest.com/congressional/docview/t66.d71.n6.2-8  |z Connect to the full text of this electronic document  |t 0 
999 f f |s ea13cfe2-d077-30d4-b863-11d3bfe60cde  |i f41f2ead-92d6-342a-80c5-d2d403ed3d8a  |t 0 
952 f f |a Texas A&M University  |b College Station  |c Electronic Resources  |d Available Online  |t 0  |h No information provided 
998 f f |t 0  |l Available Online